000 00651ngm a2200289 a 4500
003 OSt
005 20251020182658.0
008 240217s9999 xx 000 0 und d
040 _aPE SENCICO BE
040 _cPE SENCICO BE
041 _aspa
082 _aH012
245 0 _aPrograma:
245 0 _bAdobe estbilizado Sub-proyecto Piura /
245 0 _cCESPAC
260 _aMéxico, D.F.
260 _bCESPAC
260 _c1983
300 _a1 VIDEO
300 _bson., Col.
300 _c12'
490 _aMATERIALES NO CONVENCIONALES
650 _aADOBE ESTABILIZADO
651 _aPERÚ
910 _aila.
942 _cVID
_2ddc
999 _c4729
_d4729